Sufism : (Record no. 48106)

000 -LEADER
fixed length control field 01196cam a22003014a 4500
001 - CONTROL NUMBER
control field 14253180
003 - CONTROL NUMBER IDENTIFIER
control field Nust
005 - DATE AND TIME OF LATEST TRANSACTION
control field 20170109145848.0
008 - FIXED-LENGTH DATA ELEMENTS--GENERAL INFORMATION
fixed length control field 060203s2006 inu b 001 0 eng
010 ## - LIBRARY OF CONGRESS CONTROL NUMBER
LC control number 2006003803
020 ## - INTERNATIONAL STANDARD BOOK NUMBER
International Standard Book Number 9780941532754 (hbk)
035 ## - SYSTEM CONTROL NUMBER
System control number (OCoLC)ocm63660618
040 ## - CATALOGING SOURCE
Original cataloging agency DLC
Transcribing agency DLC
Modifying agency YDX
-- BAKER
-- IXA
-- DLC
042 ## - AUTHENTICATION CODE
Authentication code pcc
050 00 - LIBRARY OF CONGRESS CALL NUMBER
Classification number BP189
Item number .S783 2006
082 00 - DEWEY DECIMAL CLASSIFICATION NUMBER
Classification number 297.4
Author Mark NAS
245 00 - TITLE STATEMENT
Title Sufism :
Remainder of title love & wisdom /
Statement of responsibility, etc. edited by Jean-Louis Michon & Roger Gaetani ; foreword by Seyyed Hossein Nasr.
260 ## - PUBLICATION, DISTRIBUTION, ETC.
Place of publication, distribution, etc. Bloomington, Ind. :
Name of publisher, distributor, etc. World Wisdom,
Date of publication, distribution, etc. 2006.
300 ## - PHYSICAL DESCRIPTION
Extent xxv, 301 p. ;
Dimensions 23 cm.
440 #4 - SERIES STATEMENT/ADDED ENTRY--TITLE
Title The perennial philosophy series
504 ## - BIBLIOGRAPHY, ETC. NOTE
Bibliography, etc. note Includes bibliographical references and index.
650 #0 - SUBJECT ADDED ENTRY--TOPICAL TERM
Topical term or geographic name entry element Sufism.
700 1# - ADDED ENTRY--PERSONAL NAME
Personal name Michon, Jean-Louis.
700 1# - ADDED ENTRY--PERSONAL NAME
Personal name Gaetani, Roger,
Dates associated with a name 1954-
856 41 - ELECTRONIC LOCATION AND ACCESS
Materials specified Table of contents only
Uniform Resource Identifier <a href="http://www.loc.gov/catdir/toc/ecip067/2006003803.html">http://www.loc.gov/catdir/toc/ecip067/2006003803.html</a>
906 ## - LOCAL DATA ELEMENT F, LDF (RLIN)
a 7
b cbc
c orignew
d 1
e ecip
f 20
g y-gencatlg
942 ## - ADDED ENTRY ELEMENTS (KOHA)
Source of classification or shelving scheme
Koha item type Book
Holdings
Withdrawn status Lost status Source of classification or shelving scheme Damaged status Not for loan Collection code Permanent Location Current Location Shelving location Date acquired Total Checkouts Full call number Barcode Date last seen Date last checked out Copy number Price effective from Koha item type
            Central Library (CL) Central Library (CL) First Floor - Islam 01/09/2017 1 297.4 NAS CL2438 10/09/2023 11/13/2018 1 01/09/2017 Book
© 2023 Central Library, National University of Sciences and Technology. All Rights Reserved.